[Event "Perth Open 2019"]
[Site "Perth SCO"]
[Date "2019.02.08"]
[Round "1"]
[White "Sanger, Jake M"]
[Black "Olson, Hamish"]
[Result "0-1"]
[WhiteElo "1888"]
[BlackElo "2284"]
[PlyCount "106"]
[EventDate "2019.02.08"]

1. d4 Nc6 2. Bf4 d6 3. Nf3 g6 4. e3 Bg7 5. c3 e5 6. Bg3 Qe7 7. Be2 Nh6 8. Na3
Nf5 9. Qb3 e4 10. Nd2 h5 11. d5 Nb8 12. Qa4+ Bd7 13. Qxe4 Qxe4 14. Nxe4 f6 15.
h3 Nxg3 16. Nxg3 h4 17. Nf1 Ke7 18. Nd2 a5 19. Nf3 Na6 20. Bxa6 Rxa6 21. O-O-O
b5 22. Nc2 c5 23. dxc6 Rxc6 24. Rd5 b4 25. cxb4 axb4 26. Nfd4 Rc5 27. Rxc5 dxc5
28. Nf3 Be6 29. b3 f5 30. Rd1 Bf6 31. Nfe1 Ra8 32. Nd3 Ra5 33. Kb1 g5 34. f3
Bc3 35. Nb2 Ra8 36. Na4 c4 37. Nxc3 bxc3 38. b4 g4 39. fxg4 fxg4 40. hxg4 Bxg4
41. Rd4 Be2 42. Rxh4 Bd3 43. Rh1 Ra4 44. Rc1 Rxb4+ 45. Ka1 Rb2 46. Nd4 Rxg2 47.
Rxc3 Kd6 48. a3 Kd5 49. a4 Kc5 50. Nb5 Kb4 51. Rc1 Kxa4 52. Nc3+ Kb3 53. Nb5
Ra2# 0-1

[Event "Perth Open 2019"]
[Site "Perth SCO"]
[Date "2019.02.08"]
[Round "1"]
[White "Roberts, Paul"]
[Black "Emery, Keith"]
[Result "1-0"]
[WhiteElo "2142"]
[BlackElo "1874"]
[PlyCount "57"]
[EventDate "2019.02.08"]

1. e4 Nf6 2. e5 Nd5 3. d4 d6 4. Nf3 Bg4 5. Be2 Nc6 6. c4 Nb6 7. exd6 cxd6 8. d5
Bxf3 9. Bxf3 Ne5 10. Be2 g6 11. f4 Ned7 12. Be3 Bg7 13. Bd4 O-O 14. Bxg7 Kxg7
15. Nc3 Nf6 16. Qd4 Nbd7 17. O-O Qb6 18. Qxb6 Nxb6 19. Rfe1 Rfe8 20. g4 Rac8
21. b3 h6 22. Bf3 Nh7 23. Re3 Nd7 24. Rae1 Kf8 25. h4 f6 26. Be4 Kf7 27. h5 f5
28. hxg6+ Kxg6 29. Bxf5+ 1-0

[Event "Perth Open 2019"]
[Site "Perth SCO"]
[Date "2019.02.08"]
[Round "1"]
[White "Ridge, Michael"]
[Black "Orr, Mark J L"]
[Result "0-1"]
[WhiteElo "1886"]
[BlackElo "2084"]
[PlyCount "96"]
[EventDate "2019.02.08"]

1. c4 Nf6 2. Nc3 e6 3. Nf3 d5 4. d4 dxc4 5. e4 Bb4 6. Bg5 c5 7. e5 cxd4 8. Nxd4
Bxc3+ 9. bxc3 Qa5 10. exf6 Qxg5 11. fxg7 Qxg7 12. Qf3 Nd7 13. Bxc4 O-O 14. Qg3
Nc5 15. f3 Bd7 16. Be2 Rac8 17. c4 Rfd8 18. Nb3 Ba4 19. Rb1 Nd3+ 20. Bxd3 Rxd3
21. Ke2 Rc3 22. Nd2 Rc2 23. Ke3 Bc6 24. Rhc1 Rxa2 25. Ra1 Rxa1 26. Qxg7+ Kxg7
27. Rxa1 a6 28. Nb3 e5 29. g4 Bd7 30. c5 Be6 31. Na5 Bd5 32. Rb1 Rxc5 33. Nxb7
Rc3+ 34. Kd2 Rxf3 35. Nc5 Rh3 36. Nxa6 Rxh2+ 37. Ke3 Rh3+ 38. Kf2 Rf3+ 39. Kg1
Rg3+ 40. Kh2 Rxg4 41. Nc7 Be4 42. Rb8 Kf6 43. Rb5 Rg2+ 44. Kh3 Rg8 45. Rb6+ Kg5
46. Rb3 Kf4 47. Rb4 Rd8 48. Na6 Rd1 0-1

[Event "Perth Open 2019"]
[Site "Perth SCO"]
[Date "2019.02.08"]
[Round "1"]
[White "Magnussen, Helge"]
[Black "Kane, Robert"]
[Result "1-0"]
[WhiteElo "2045"]
[BlackElo "1864"]
[PlyCount "45"]
[EventDate "2019.02.08"]

1. d4 Nf6 2. c4 e5 3. dxe5 Ng4 4. e3 Nxe5 5. Nh3 Nbc6 6. Be2 b6 7. O-O Bb7 8.
Nc3 h5 9. f4 Ng4 10. Bxg4 hxg4 11. Qxg4 Rh6 12. Ng5 Ne7 13. e4 g6 14. Be3 f6
15. f5 gxf5 16. exf5 Nc6 17. Nf3 Rh7 18. Rae1 Ne5 19. Nxe5 fxe5 20. Qg6+ Rf7
21. Bg5 Be7 22. Rxe5 Kf8 23. Bh6+ 1-0

[Event "Perth Open 2019"]
[Site "Perth SCO"]
[Date "2019.02.08"]
[Round "1"]
[White "Jelfs, Alan"]
[Black "Gray, Euan"]
[Result "1/2-1/2"]
[WhiteElo "1852"]
[BlackElo "2013"]
[PlyCount "100"]
[EventDate "2019.02.08"]

1. d4 Nf6 2. c4 e6 3. Nf3 Bb4+ 4. Nbd2 O-O 5. e3 d6 6. Be2 Qe7 7. O-O Bxd2 8.
Nxd2 e5 9. dxe5 dxe5 10. b3 Nc6 11. Bb2 Bf5 12. Qc1 Rfd8 13. Re1 a5 14. Qc3 Nb4
15. Nf3 Nc2 16. Nxe5 Nxe1 17. Rxe1 Ne4 18. Nc6 Qg5 19. Ne7+ Kh8 20. Qe5 Re8 21.
h4 Rxe7 22. hxg5 Rxe5 23. Bxe5 c6 24. g4 Be6 25. Bf4 Nc3 26. Bf3 Nxa2 27. Ra1
Nb4 28. Be2 c5 29. Bc7 Nc6 30. Kg2 Ra6 31. Kg3 Bd7 32. f4 g6 33. Bf3 Kg8 34.
Rd1 Be8 35. f5 Ra8 36. Bb6 gxf5 37. gxf5 Ne5 38. Be4 Nd7 39. Bc7 a4 40. bxa4
Rxa4 41. Bd5 Ra7 42. Bf4 Nb6 43. e4 Nxd5 44. Rxd5 f6 45. Rd8 Kf7 46. g6+ hxg6
47. fxg6+ Kxg6 48. Rxe8 Ra4 49. Rb8 Rxc4 50. Rxb7 Rxe4 1/2-1/2

[Event "Perth Open 2019"]
[Site "Perth SCO"]
[Date "2019.02.08"]
[Round "1"]
[White "McQuillan, Stephen G"]
[Black "Pasha, Tariq"]
[Result "1-0"]
[WhiteElo "1984"]
[BlackElo "1861"]
[PlyCount "97"]
[EventDate "2019.02.08"]

1. d4 d5 2. Bf4 c5 3. e3 Nc6 4. c3 Nf6 5. Nd2 Bf5 6. Ngf3 e6 7. Bb5 a6 8. Bxc6+
bxc6 9. Ne5 Qb6 10. O-O Be7 11. dxc5 Bxc5 12. b4 Be7 13. g4 Bg6 14. h4 Nd7 15.
Nxd7 Kxd7 16. Nc4 Qb5 17. Ne5+ Ke8 18. h5 f6 19. hxg6 fxe5 20. Bxe5 Bf6 21. Qd4
Qc4 22. Bxf6 gxf6 23. Qxc4 dxc4 24. gxh7 Rxh7 25. Kg2 Rg7 26. Kf3 Ke7 27. Rfd1
Rh8 28. Rd4 Rh3+ 29. Ke2 Rh4 30. Rxc4 Kd7 31. Rd1+ Kc7 32. Rf4 e5 33. Rxf6
Rgxg4 34. Rdd6 Rc4 35. Kd3 c5 36. f4 exf4 37. Kxc4 fxe3+ 38. Kd3 cxb4 39. Rc6+
Kd7 40. Kxe3 bxc3 41. Rxc3 Rh3+ 42. Kd4 Rh4+ 43. Kc5 Ra4 44. a3 Re4 45. Rxa6
Re5+ 46. Kd4 Re1 47. Rh3 Rd1+ 48. Kc3 Rc1+ 49. Kd2 1-0

[Event "Perth Open 2019"]
[Site "Perth SCO"]
[Date "2019.02.08"]
[Round "1"]
[White "Carter, Richard"]
[Black "Xian, Junhao"]
[Result "0-1"]
[WhiteElo "1829"]
[BlackElo "1970"]
[PlyCount "84"]
[EventDate "2019.02.08"]

1. d4 f5 2. Nf3 Nf6 3. e3 g6 4. Be2 Bg7 5. O-O O-O 6. c4 d6 7. Nc3 Nc6 8. b3 e5
9. dxe5 dxe5 10. Ba3 Re8 11. Qxd8 Nxd8 12. Rad1 e4 13. Nd4 Ne6 14. Ncb5 a6 15.
Nxe6 axb5 16. Nxg7 Kxg7 17. Bc5 Rxa2 18. Rfe1 bxc4 19. Bxc4 Be6 20. Ra1 Rxa1
21. Rxa1 Bxc4 22. bxc4 Re6 23. Bd4 b6 24. c5 bxc5 25. Bxc5 Rc6 26. Bd4 Kf7 27.
h3 Rc2 28. Ra6 Nd5 29. Ra8 Ke6 30. Rh8 h5 31. g4 hxg4 32. hxg4 c5 33. gxf5+
gxf5 34. Rh6+ Kd7 35. Be5 Nb4 36. Rf6 Nd3 37. Bg3 c4 38. Rxf5 c3 39. Rd5+ Ke6
40. Rd4 Rc1+ 41. Kg2 c2 42. Bh2 Rb1 0-1

[Event "Perth Open 2019"]
[Site "Perth SCO"]
[Date "2019.02.08"]
[Round "1"]
[White "Rutherford, William"]
[Black "Dawson, Alastair"]
[Result "1/2-1/2"]
[WhiteElo "1961"]
[BlackElo "1792"]
[PlyCount "89"]
[EventDate "2019.02.08"]

1. d4 e6 2. c4 Bb4+ 3. Bd2 a5 4. Nf3 Nf6 5. e3 O-O 6. Bd3 d6 7. O-O Bxd2 8.
Qxd2 Nc6 9. Nc3 e5 10. h3 Re8 11. dxe5 dxe5 12. Ne4 Bf5 13. Nxf6+ Qxf6 14. Bxf5
Qxf5 15. Rfd1 Rad8 16. Qc3 Qe6 17. Qb3 Rxd1+ 18. Rxd1 Rd8 19. Rxd8+ Nxd8 20.
Qb5 f6 21. Qxa5 Qxc4 22. b3 Qc6 23. Qa8 Qd7 24. Kh2 Kf7 25. Qa4 Ne6 26. Qb4 c5
27. Qe4 g6 28. g3 b6 29. h4 h5 30. a4 Nd8 31. Qc4+ Ne6 32. Qc2 b5 33. axb5 Qxb5
34. Qc4 Qxc4 35. bxc4 Ke7 36. Kg2 e4 37. Nd2 f5 38. f3 exf3+ 39. Kxf3 Kd6 40.
e4 Ke5 41. exf5 gxf5 42. Ke3 Nd4 43. Nf1 Ne6 44. Nd2 Nd4 45. Nf1 1/2-1/2

[Event "Perth Open 2019"]
[Site "Perth SCO"]
[Date "2019.02.08"]
[Round "1"]
[White "McPheator, Gary"]
[Black "Campbell, Duncan A F"]
[Result "0-1"]
[WhiteElo "1765"]
[BlackElo "1924"]
[PlyCount "60"]
[EventDate "2019.02.08"]

1. e4 e6 2. d4 d5 3. Nc3 Bb4 4. exd5 exd5 5. Bd2 Nf6 6. Nf3 O-O 7. Be2 c6 8.
O-O Bd6 9. a3 Bg4 10. Ne5 Bxe2 11. Nxe2 Qc7 12. f4 Ne4 13. Be3 Nd7 14. c4 Ndf6
15. c5 Be7 16. b4 a5 17. Qc2 a4 18. Rfb1 Qc8 19. b5 Bd8 20. Rb4 Ng4 21. Nxg4
Qxg4 22. h3 Qe6 23. Bf2 Re8 24. Ra2 Nxf2 25. Kxf2 Qe3+ 26. Ke1 Ba5 27. bxc6
bxc6 28. Kd1 Bxb4 29. axb4 Qb3 30. Nc3 Qxb4 0-1

[Event "Perth Open 2019"]
[Site "Perth SCO"]
[Date "2019.02.08"]
[Round "1"]
[White "Colston, Rob"]
[Black "Dawson, Euan"]
[Result "1-0"]
[WhiteElo "1915"]
[BlackElo "1762"]
[PlyCount "53"]
[EventDate "2019.02.08"]

1. e4 c5 2. d4 cxd4 3. c3 g6 4. Nf3 Bg7 5. cxd4 d5 6. exd5 Nf6 7. Bb5+ Bd7 8.
Bc4 O-O 9. Nc3 Bg4 10. O-O Nbd7 11. h3 Nb6 12. Bb3 Bf5 13. Re1 Re8 14. Bg5 a6
15. Qd2 Nfxd5 16. Rac1 Be6 17. Ne4 Nd7 18. Nd6 N7f6 19. Nxe8 Qxe8 20. Bxf6 Bxf6
21. Ng5 Bxg5 22. Qxg5 Rd8 23. Qe5 b6 24. Re2 Nb4 25. Qe3 Nxa2 26. Bxa2 Bxa2 27.
b3 1-0

[Event "Perth Open 2019"]
[Site "Perth SCO"]
[Date "2019.02.08"]
[Round "1"]
[White "Walkowiak, Adam"]
[Black "Jennings, Richard"]
[Result "0-1"]
[WhiteElo "1721"]
[BlackElo "1908"]
[PlyCount "42"]
[EventDate "2019.02.08"]

1. d4 d6 2. c4 e5 3. d5 f5 4. Nc3 Nf6 5. Nf3 Be7 6. Qc2 O-O 7. e3 a5 8. b3 Na6
9. Ba3 Nb4 10. Bxb4 axb4 11. Na4 Bd7 12. Be2 Ne4 13. Bd3 Rxa4 14. Bxe4 fxe4 15.
bxa4 exf3 16. gxf3 Rxf3 17. a3 Bh4 18. Rf1 Rxe3+ 19. Kd2 Rc3 20. Qe4 Bg5+ 21.
Ke1 b3 0-1

[Event "Perth Open 2019"]
[Site "Perth SCO"]
[Date "2019.02.08"]
[Round "1"]
[White "Wynarczyk, Raymond"]
[Black "Ridge, Benjamin"]
[Result "1/2-1/2"]
[WhiteElo "1904"]
[BlackElo "1689"]
[PlyCount "90"]
[EventDate "2019.02.08"]

1. e4 e6 2. d4 d5 3. Nc3 Bb4 4. e5 c5 5. a3 Bxc3+ 6. bxc3 Qc7 7. Nf3 b6 8. a4
Ba6 9. Bb5+ Bxb5 10. axb5 Qd7 11. Rb1 Ne7 12. Ba3 Qc7 13. O-O Nd7 14. Nh4 a5
15. f4 Ng6 16. Qg4 cxd4 17. Nxg6 hxg6 18. cxd4 Qc3 19. Bd6 O-O-O 20. Qg3 Qxg3
21. hxg3 Kb7 22. c4 dxc4 23. Rbc1 Rc8 24. Rc3 Rhe8 25. Rfc1 Red8 26. Kf2 Rh8
27. Rxc4 Rxc4 28. Rxc4 Rc8 29. Rxc8 Kxc8 30. Ke3 Kd8 31. Kd3 Ke8 32. Kc4 f6 33.
g4 Kf7 34. g5 fxg5 35. fxg5 Nf8 36. d5 Nd7 37. g3 a4 38. Kd4 Nf8 39. Bc7 Nd7
40. Bd6 Nf8 41. Bb4 Nd7 42. Ke4 Nb8 43. Kd4 Nd7 44. Bd6 Nf8 45. Kc4 Nd7 1/2-1/2

[Event "Perth Open 2019"]
[Site "Perth SCO"]
[Date "2019.02.09"]
[Round "2"]
[White "Olson, Hamish"]
[Black "McQuillan, Stephen G"]
[Result "1-0"]
[WhiteElo "2284"]
[BlackElo "1984"]
[PlyCount "85"]
[EventDate "2019.02.08"]

1. e4 e5 2. Nf3 Nf6 3. Nxe5 d6 4. Nf3 Nxe4 5. Qe2 Qe7 6. d3 Nf6 7. Nc3 Qxe2+ 8.
Bxe2 Be7 9. Bg5 h6 10. Bh4 Bd7 11. O-O-O Nc6 12. Bxf6 Bxf6 13. Nd5 Bd8 14. d4
Ne7 15. Ne3 O-O 16. d5 Nf5 17. Nc4 Bf6 18. Na5 h5 19. c3 b5 20. Ne1 g6 21. Nc2
Bd8 22. g3 a6 23. Rhe1 c5 24. dxc6 Bxa5 25. cxd7 Ra7 26. g4 hxg4 27. Bxg4 Rxd7
28. Rg1 Kh8 29. Rd3 f6 30. Bxf5 gxf5 31. Rh3+ Rh7 32. Rxh7+ Kxh7 33. Nd4 Bb6
34. Nxf5 Bxf2 35. Rg2 Bc5 36. h4 a5 37. h5 Rg8 38. Rxg8 Kxg8 39. b3 d5 40. Kd2
Kf7 41. a4 Ke6 42. h6 bxa4 43. h7 1-0

[Event "Perth Open 2019"]
[Site "Perth SCO"]
[Date "2019.02.09"]
[Round "2"]
[White "Xian, Junhao"]
[Black "Roberts, Paul"]
[Result "1/2-1/2"]
[WhiteElo "1970"]
[BlackElo "2142"]
[PlyCount "78"]
[EventDate "2019.02.08"]

1. d4 d5 2. c4 c6 3. cxd5 cxd5 4. Bf4 Nc6 5. e3 Nf6 6. Nc3 a6 7. Bd3 Bg4 8.
Nge2 e6 9. f3 Bh5 10. h4 Bg6 11. Kf2 Bxd3 12. Qxd3 Bd6 13. h5 h6 14. g4 Bxf4
15. Nxf4 Rc8 16. Rag1 Qb6 17. Qb1 Ne7 18. Nd3 Qd6 19. Qd1 g5 20. hxg6 Nxg6 21.
g5 hxg5 22. Rxh8+ Nxh8 23. Ne5 g4 24. Nxg4 Nxg4+ 25. Rxg4 Qh2+ 26. Rg2 Qh4+ 27.
Ke2 Ng6 28. Qb3 Qe7 29. f4 Qc7 30. Rh2 Qc4+ 31. Qxc4 Rxc4 32. Kd3 Kd7 33. f5
Ne7 34. f6 Nf5 35. Rh7 Nd6 36. e4 dxe4+ 37. Nxe4 Rc7 38. Nxd6 Kxd6 39. Ke4 Rd7
1/2-1/2

[Event "Perth Open 2019"]
[Site "Perth SCO"]
[Date "2019.02.09"]
[Round "2"]
[White "Orr, Mark J L"]
[Black "Colston, Rob"]
[Result "1-0"]
[WhiteElo "2084"]
[BlackElo "1915"]
[PlyCount "77"]
[EventDate "2019.02.08"]

1. c4 e5 2. Nc3 Nf6 3. Nf3 Nc6 4. e3 d5 5. cxd5 Nxd5 6. Bb5 Nxc3 7. bxc3 Bd6 8.
d4 exd4 9. cxd4 O-O 10. O-O Bg4 11. h3 Bh5 12. Be2 Bg6 13. Bb2 Qe7 14. Qb3 Rab8
15. d5 Ne5 16. Nxe5 Bxe5 17. Bxe5 Qxe5 18. Bf3 Be4 19. Bxe4 Qxe4 20. Rac1 Qe5
21. Rfd1 Qd6 22. e4 Rfe8 23. Rc4 h6 24. g3 b5 25. Rc6 Qd7 26. Qf3 Rb6 27. Rdc1
Rxc6 28. Rxc6 Qe7 29. Kg2 a5 30. h4 a4 31. a3 Qxe4 32. Rxc7 Qxf3+ 33. Kxf3 Rb8
34. d6 Kf8 35. Ke4 b4 36. axb4 Rxb4+ 37. Kd5 Rb8 38. d7 Rd8 39. Kd6 1-0

[Event "Perth Open 2019"]
[Site "Perth SCO"]
[Date "2019.02.09"]
[Round "2"]
[White "Campbell, Duncan A F"]
[Black "Magnussen, Helge"]
[Result "0-1"]
[WhiteElo "1924"]
[BlackElo "2045"]
[PlyCount "108"]
[EventDate "2019.02.08"]

1. e4 e6 2. d4 d5 3. Nd2 Nc6 4. c3 e5 5. exd5 Qxd5 6. Ngf3 exd4 7. Bc4 Qh5 8.
Nxd4 Qxd1+ 9. Kxd1 Nxd4 10. cxd4 Be7 11. Nf3 Bg4 12. Ke2 Bf6 13. Be3 Ne7 14. h3
Be6 15. Rac1 Bxc4+ 16. Rxc4 Nd5 17. Nd2 O-O-O 18. Rhc1 Rhe8 19. Kf3 g6 20. Ne4
Bg7 21. Nc3 Nb6 22. Rb4 Rd7 23. Nb5 a6 24. Nc3 Re6 25. a4 Bf8 26. Rb3 f5 27.
Ne2 Nd5 28. Nf4 Nxf4 29. Bxf4 Bg7 30. Re3 Re4 31. Be5 Bh6 32. g3 Bxe3 33. fxe3
h5 34. h4 c6 35. b4 Rd5 36. Rc3 Kd7 37. Rb3 Ke6 38. Rb1 b5 39. Rc1 Kd7 40. a5
Rdxe5 41. dxe5 Rxe5 42. Rc3 Re4 43. Rd3+ Kc7 44. Rb3 c5 45. bxc5 Kc6 46. Rd3
Kxc5 47. Rd8 Kb4 48. Rd6 Kxa5 49. Rxg6 b4 50. Rf6 Re5 51. Kf4 Rb5 52. Rd6 b3
53. Rd1 b2 54. Rb1 Ka4 0-1

[Event "Perth Open 2019"]
[Site "Perth SCO"]
[Date "2019.02.09"]
[Round "2"]
[White "Jennings, Richard"]
[Black "Birkett, Richard"]
[Result "0-1"]
[WhiteElo "1908"]
[BlackElo "2025"]
[PlyCount "110"]
[EventDate "2019.02.08"]

1. d4 e6 2. Nf3 b6 3. c4 Bb7 4. Nc3 Nf6 5. Bg5 h6 6. Bh4 Bb4 7. e3 g5 8. Bg3
Ne4 9. Qc2 O-O 10. O-O-O Bxc3 11. bxc3 Qe7 12. Qb2 d6 13. Nd2 Nd7 14. f3 Nxg3
15. hxg3 Kg7 16. Bd3 Rh8 17. e4 e5 18. f4 c5 19. Nf3 f6 20. Rh5 cxd4 21. cxd4
Rac8 22. Rdh1 exf4 23. gxf4 Bxe4 24. Re1 d5 25. fxg5 hxg5 26. Rxh8 Kxh8 27. Kd2
Qd6 28. cxd5 Bxd3 29. Kxd3 Qxd5 30. Rh1+ Kg8 31. Ke3 Qe6+ 32. Kf2 Qc4 33. Kg3
Qc7+ 34. Kh3 Kg7 35. g4 Nf8 36. Qh2 Ng6 37. Qxc7+ Rxc7 38. Rh2 Rc3 39. Kg2 Nf4+
40. Kf2 Ra3 41. Kg3 Ng6 42. Rb2 Nh4 43. Rb3 Rxb3 44. axb3 Nxf3 45. Kxf3 a5 46.
Ke4 b5 47. Kd5 a4 48. bxa4 bxa4 49. Kc4 Kf7 50. Kb4 Ke6 51. Kxa4 Kd5 52. Kb5
Kxd4 53. Kc6 Ke5 54. Kd7 f5 55. gxf5 Kxf5 0-1

[Event "Perth Open 2019"]
[Site "Perth SCO"]
[Date "2019.02.09"]
[Round "2"]
[White "Gray, Euan"]
[Black "Babin, Andre"]
[Result "1/2-1/2"]
[WhiteElo "2013"]
[BlackElo "1844"]
[PlyCount "107"]
[EventDate "2019.02.08"]

1. d4 c5 2. d5 e5 3. c4 d6 4. e4 Nf6 5. Nc3 Be7 6. g3 O-O 7. Bg2 Ne8 8. Nge2
Bg5 9. O-O Bxc1 10. Qxc1 f5 11. f4 Qe7 12. Bh3 g6 13. Qd2 Ng7 14. fxe5 Qxe5 15.
Rae1 Nd7 16. Nf4 Qd4+ 17. Qxd4 cxd4 18. Nb5 Nc5 19. Nxd6 Nxe4 20. Nxe4 fxe4 21.
Rxe4 Rxf4 22. Rfxf4 Bxh3 23. Rxd4 g5 24. Rfe4 Rf8 25. Rd1 Nf5 26. b3 b6 27.
Rde1 h5 28. Re8 Kf7 29. Rxf8+ Kxf8 30. Kf2 Kf7 31. b4 Ne7 32. Re5 Kf6 33. Re3
Bd7 34. Ra3 Nc8 35. c5 Ke5 36. Rd3 Ne7 37. c6 Bf5 38. Ra3 Kxd5 39. Rxa7 Nxc6
40. Rg7 Nxb4 41. Rxg5 Ke6 42. Rxh5 b5 43. h3 Nxa2 44. g4 Bd3 45. Ke3 Nb4 46.
Kd4 Bc4 47. Rc5 Nc2+ 48. Ke4 Kf6 49. h4 Na3 50. Rc6+ Kg7 51. Kd4 Be2 52. g5 b4
53. Rb6 Bd1 54. Rxb4 1/2-1/2

[Event "Perth Open 2019"]
[Site "Perth SCO"]
[Date "2019.02.09"]
[Round "2"]
[White "Jelfs, Alan"]
[Black "Hogg, Stephen William"]
[Result "0-1"]
[WhiteElo "1852"]
[BlackElo "2009"]
[PlyCount "94"]
[EventDate "2019.02.08"]

1. d4 Nf6 2. c4 e6 3. Nf3 b6 4. g3 Ba6 5. b3 Bb4+ 6. Bd2 Be7 7. Bg2 c6 8. O-O
d5 9. Re1 O-O 10. Bc3 Nbd7 11. Nbd2 Rc8 12. e4 c5 13. e5 Ne8 14. cxd5 cxd4 15.
Bxd4 exd5 16. Nf1 Nc7 17. Ne3 Re8 18. Qd2 Nc5 19. Rad1 Ne4 20. Qb2 Bb4 21. Bh3
Bxe1 22. Rxe1 Ne6 23. Nh4 Bb7 24. Nhf5 Rc7 25. Bg2 N4c5 26. Rd1 Nxd4 27. Qxd4
Ne6 28. Qb2 d4 29. Bxb7 Rxb7 30. Nc4 Rd7 31. Ncd6 Rf8 32. Qe2 f6 33. Qc4 Re7
34. Nc8 Ree8 35. Ncd6 fxe5 36. Nxe8 Rxe8 37. Re1 Qf6 38. Nd6 Rd8 39. Ne4 Qf7
40. Qc6 d3 41. Nd2 Nd4 42. Qe4 Ne2+ 43. Kh1 Qxf2 44. Rf1 Qd4 45. Qf5 Qd5+ 46.
Ne4 Nc3 47. Kg1 Nxe4 0-1

[Event "Perth Open 2019"]
[Site "Perth SCO"]
[Date "2019.02.09"]
[Round "2"]
[White "Turner, Max N"]
[Black "Lawson, Robert"]
[Result "1-0"]
[WhiteElo "1996"]
[BlackElo "1841"]
[PlyCount "73"]
[EventDate "2019.02.08"]

1. d4 d5 2. c4 c6 3. Nf3 Nf6 4. e3 e6 5. b3 Bd6 6. Bb2 Nbd7 7. Bd3 Qe7 8. Ne5
Bb4+ 9. Nd2 Nxe5 10. dxe5 Ne4 11. Bxe4 dxe4 12. O-O Bxd2 13. Qxd2 O-O 14. Qd4
f5 15. exf6 Qxf6 16. Rad1 c5 17. Qe5 a5 18. Qxf6 gxf6 19. Ba3 b6 20. Rd6 Rb8
21. Rfd1 e5 22. h3 h5 23. Rc6 a4 24. b4 Ba6 25. b5 Bc8 26. Rdd6 Bf5 27. Rxb6
Rxb6 28. Rxb6 Kf7 29. Rb7+ Kg6 30. Rc7 Rc8 31. Rxc8 Bxc8 32. Bxc5 Kf7 33. Bb4
Ke6 34. Kf1 f5 35. Ke1 f4 36. Kd2 f3 37. g3 1-0

[Event "Perth Open 2019"]
[Site "Perth SCO"]
[Date "2019.02.09"]
[Round "2"]
[White "Paul, Rabindra"]
[Black "Rutherford, William"]
[Result "0-1"]
[WhiteElo "1841"]
[BlackElo "1961"]
[PlyCount "90"]
[EventDate "2019.02.08"]

1. e4 c6 2. d4 d5 3. Nc3 dxe4 4. Nxe4 Nf6 5. Nc3 Bf5 6. Nf3 e6 7. Be2 h6 8. h3
Bd6 9. Bd3 Bxd3 10. Qxd3 Nbd7 11. Ne2 O-O 12. O-O Qc7 13. Rd1 Rfd8 14. Be3 e5
15. dxe5 Nxe5 16. Nxe5 Bxe5 17. Qb3 Nd5 18. Bd4 Nf4 19. Nxf4 Rxd4 20. Rxd4 Bxd4
21. Ne2 Bb6 22. Qf3 Qe5 23. c3 Rd8 24. Rf1 Rd2 25. Nf4 Qf5 26. g4 Qf6 27. Kg2
Bc7 28. Ne2 Qe5 29. Ng3 Rxb2 30. Rd1 Qxg3+ 31. Qxg3 Bxg3 32. Rd8+ Kh7 33. Kxg3
Rxa2 34. Rd7 Rb2 35. Rxf7 Rb3 36. f3 a5 37. Rf5 a4 38. Ra5 b5 39. c4 a3 40. Ra6
bxc4 41. Rxc6 c3 42. h4 a2 43. g5 hxg5 44. hxg5 a1=Q 45. g6+ Kh6 0-1

[Event "Perth Open 2019"]
[Site "Perth SCO"]
[Date "2019.02.09"]
[Round "2"]
[White "Robertson, David A"]
[Black "Macnaughton, Alistair"]
[Result "1/2-1/2"]
[WhiteElo "1960"]
[BlackElo "1810"]
[PlyCount "32"]
[EventDate "2019.02.08"]

1. c4 Nf6 2. d4 Nc6 3. Nf3 e6 4. g3 Bb4+ 5. Bd2 Bxd2+ 6. Nbxd2 d6 7. Bg2 O-O 8.
O-O e5 9. d5 Ne7 10. b4 Bg4 11. h3 Bh5 12. e4 Bg6 13. Nh4 Nd7 14. g4 c6 15. Nf5
cxd5 16. cxd5 Nb6 1/2-1/2

[Event "Perth Open 2019"]
[Site "Perth SCO"]
[Date "2019.02.09"]
[Round "2"]
[White "Volland, Ben"]
[Black "Wynarczyk, Raymond"]
[Result "1-0"]
[WhiteElo "1795"]
[BlackElo "1904"]
[PlyCount "85"]
[EventDate "2019.02.08"]

1. g3 d5 2. Bg2 e5 3. c4 c6 4. Nf3 e4 5. Nd4 Nf6 6. cxd5 cxd5 7. Nc3 Nc6 8.
Nxc6 bxc6 9. d3 exd3 10. Qxd3 Bb4 11. O-O O-O 12. Rd1 Qb6 13. Be3 Qa6 14. Qd4
c5 15. Qh4 Bxc3 16. bxc3 Be6 17. Bxc5 Rfc8 18. Bd4 Rc4 19. e4 dxe4 20. Bf1 Nd5
21. Qxe4 Rd8 22. Bxc4 Qxc4 23. Qe5 Nf6 24. Qc5 Qe2 25. Qe5 Qf3 26. Qf4 Qe2 27.
Qe3 Qc2 28. Rd2 Qf5 29. Bxf6 Rxd2 30. Qxd2 gxf6 31. Rd1 Qh3 32. Qf4 Kg7 33. c4
Qh5 34. Rc1 Qc5 35. h4 Bh3 36. g4 h5 37. gxh5 Bc8 38. h6+ Kg6 39. Kh2 Qc6 40.
Rg1+ Kh7 41. Rg7+ Kh8 42. Qg3 Qe8 43. h7 1-0

[Event "Perth Open 2019"]
[Site "Perth SCO"]
[Date "2019.02.09"]
[Round "2"]
[White "Dawson, Alastair"]
[Black "James, Chris"]
[Result "1/2-1/2"]
[WhiteElo "1792"]
[BlackElo "1891"]
[PlyCount "101"]
[EventDate "2019.02.08"]

1. d4 d5 2. Nf3 Nc6 3. c4 Bg4 4. e3 e5 5. dxe5 dxc4 6. Qxd8+ Rxd8 7. Be2 Bb4+
8. Nc3 Nge7 9. e6 Bxe6 10. O-O O-O 11. Ng5 Bxc3 12. Nxe6 fxe6 13. bxc3 b5 14.
a4 a6 15. Ba3 Rfe8 16. axb5 axb5 17. e4 Ne5 18. Rfd1 N7g6 19. g3 c6 20. h4 Nf8
21. f4 Ned7 22. Kf2 Nb6 23. Bd6 Na4 24. Rac1 Rc8 25. Rd2 Nd7 26. Bd1 Ndc5 27.
Bxc5 Nxc5 28. Bc2 Kf7 29. Rcd1 Ke7 30. e5 h6 31. Rd6 Red8 32. f5 exf5 33. Bxf5
Rf8 34. g4 Rxf5+ 35. gxf5 Ne4+ 36. Ke3 Nxd6 37. Rxd6 Rd8 38. Rxc6 Rd3+ 39. Ke4
Rxc3 40. Rc7+ Kf8 41. Kd5 Rd3+ 42. Ke6 Rd8 43. f6 gxf6 44. Kxf6 c3 45. Rxc3 b4
46. Rb3 Rb8 47. e6 h5 48. Kg6 Ke7 49. Kxh5 Kxe6 50. Kg6 Rg8+ 51. Kh7 1/2-1/2

[Event "Perth Open 2019"]
[Site "Perth SCO"]
[Date "2019.02.09"]
[Round "2"]
[White "Ridge, Benjamin"]
[Black "Will, Douglas"]
[Result "1-0"]
[WhiteElo "1689"]
[BlackElo "1886"]
[PlyCount "83"]
[EventDate "2019.02.08"]

1. c4 e5 2. Nc3 Nc6 3. Nf3 f5 4. d4 e4 5. Ng5 h6 6. Nh3 g5 7. e3 Nf6 8. Nd5 Bg7
9. Nxf6+ Qxf6 10. Qh5+ Kf8 11. Be2 d6 12. f3 exf3 13. Bxf3 Bd7 14. Bxc6 Bxc6
15. d5 Be8 16. Qe2 Bg6 17. O-O h5 18. e4 Re8 19. Nxg5 Qd4+ 20. Kh1 Kg8 21. Be3
Rxe4 22. Nxe4 Qxe4 23. Rae1 Be5 24. Bf4 Bxf4 25. Qxe4 fxe4 26. Rxf4 Kg7 27. Kg1
Re8 28. Kf2 Kh6 29. Ke3 Kg5 30. g3 Rb8 31. h4+ Kh6 32. g4 hxg4 33. Rxg4 Rf8 34.
Rf4 Rb8 35. b3 b5 36. Rc1 bxc4 37. Rxc4 Rb5 38. Rfxe4 Rxd5 39. Re6 c5 40. Rg4
Re5+ 41. Rxe5 dxe5 42. Rxg6+ 1-0

[Event "Perth Open 2019"]
[Site "Perth SCO"]
[Date "2019.02.09"]
[Round "2"]
[White "Chadha, Sambhav"]
[Black "Parks, Joseph"]
[Result "1/2-1/2"]
[WhiteElo "1635"]
[BlackElo "1882"]
[PlyCount "61"]
[EventDate "2019.02.08"]

1. e4 d5 2. exd5 Qxd5 3. Nc3 Qd6 4. d4 Nf6 5. Bc4 c6 6. Nge2 Bf5 7. O-O e6 8.
Bf4 Qd7 9. Qd2 b5 10. Bb3 a5 11. a4 b4 12. Nd1 Nd5 13. Be5 f6 14. Bg3 g5 15.
Ne3 Bg6 16. f4 h6 17. Bxd5 cxd5 18. Ng4 Bg7 19. fxg5 fxg5 20. Be5 Nc6 21. Bxg7
Qxg7 22. Rf6 Bf5 23. Rxf5 exf5 24. Ne3 O-O 25. c3 Qd7 26. Nc2 f4 27. Qd3 Qf5
28. Qb5 Qxc2 29. Qxc6 Rae8 30. Qxh6 Qxe2 31. Qg6+ 1/2-1/2

[Event "Perth Open 2019"]
[Site "Perth SCO"]
[Date "2019.02.09"]
[Round "2"]
[White "Pasha, Tariq"]
[Black "Sanger, Jake M"]
[Result "0-1"]
[WhiteElo "1861"]
[BlackElo "1888"]
[PlyCount "112"]
[EventDate "2019.02.08"]

1. d4 Nf6 2. c4 g6 3. f3 d5 4. cxd5 Nxd5 5. e4 Nb6 6. Nc3 Bg7 7. Be3 O-O 8. Qd2
Nc6 9. O-O-O e5 10. d5 Ne7 11. g4 f5 12. gxf5 gxf5 13. Bh6 Ng6 14. Bxg7 Kxg7
15. h4 Kh8 16. Qh6 a6 17. Nh3 Qf6 18. h5 Ne7 19. Qd2 fxe4 20. fxe4 Bxh3 21.
Bxh3 Nc4 22. Qd3 b5 23. Kb1 Qf2 24. Ne2 Rf3 25. Qc2 Re3 26. Bg4 Rg8 27. Rdf1
Qg2 28. Rhg1 Qxe4 29. Nc3 Nd2+ 30. Kc1 Qxc2+ 31. Kxc2 Nxf1 32. Rxf1 Rxg4 33.
Rf7 Rxc3+ 34. Kxc3 Nxd5+ 35. Kd3 Rd4+ 36. Ke2 Kg8 37. Rf1 Nf4+ 38. Ke3 Kg7 39.
Rc1 Kh6 40. Kf3 Rc4 41. Re1 Rc5 42. Kg4 Nxh5 43. Rh1 e4 44. Re1 Rg5+ 45. Kh4
Nf6 46. Rf1 Kg6 47. Rc1 Rg4+ 48. Kh3 Kf5 49. Rxc7 e3 50. Rc2 Kf4 51. a4 Kf3 52.
a5 Rg6 53. Kh4 e2 54. b4 e1=Q+ 55. Rf2+ Qxf2+ 56. Kh3 Rh6# 0-1